Responses for show #8136 - Monday, January 13, 2020

Contestants

Veronica Vichit-Vadakan, a librarian from Portland, Oregon

Daniel Sok, a medical student from Atlanta, Georgia

Katie Needle, a retail supervisor from Brooklyn, New York (whose 2-day cash winnings total $53,602)

Jeopardy! Round responses

RECOGNIZING THE COUNTRY
BEAUTY BRANDS
GLOSSARY OF HISTORY
HORROR FILMS
THE TELEVISION WILL BE REVOLUTIONIZED
THAT'S "SOME" ENDING
(Alex: "Some" will come at the end of each correct response.)
    $200 15
Argentina

Daniel
    $200 22
Make-up

Veronica
    $200 8
a seal

Katie
    $200 3
Frankenstein

Katie
    $200 1
a smart TV

Daniel
    $200 4
lonesome

Veronica
    $400 23
Iceland

Daniel
    $400 27
l'Oréal

Katie
    $400 13
(Katie: What is a library?)

an archive

KatieVeronica
    $400 5
D-Day

Daniel
    $400 2
a cathode ray tube

Veronica
    $400 7
winsome

Veronica
    $600 24
Algeria

Katie
    $600 28
Elizabeth Arden

Veronica
    $600 14
an illuminated manuscript

Veronica
    $600 6
Nightmare on Elm Street

Katie
    $600 17
(Alex: Yep. God bless him.)

the mute button

Katie
    $600 9
gruesome

Katie
    $800 25
Vietnam

Daniel
    $800 29
test on animals

Katie
    $800 18
Romantic

Katie
    $800 12
Dead

Katie
    $800 20
color

Katie
    $800 10
Wholesome

Daniel
    $1000 26
Afghanistan

Daniel
    $2,000 30
(Katie: What is Mary Kay?)

Avon

Katie
    $1000 19
heraldry

Veronica
    $1000 16
summer camp

Veronica
    $1000 21
(Daniel: What is TiVo?)

DVR

DanielVeronica
    $1000 11
toothsome

Triple Stumper

Scores at the first commercial break (after clue 15):

Katie Daniel Veronica
$2,000 $1,600 $2,000

Scores at the end of the Jeopardy! Round:

Katie Daniel Veronica
$4,000 $2,800 $5,800

Double Jeopardy! Round responses

STARCHITECTS
COLONIAL AMERICA
TRICKY CLUES
THEIR PEN WENT SILENT
WATER MUSIC
I LEARNED IT ON YOUTUBE
    $400 3
Modernism

Katie
    $400 24
(Alex: Cecil Calvert known as Lord Baltimore.)

Maryland

Veronica
    $400 11
Latin

Veronica
    $400 16
(Herman) Melville

Veronica
    $400 5
"(Sittin' On) The Dock Of The Bay"

Katie
    $400 1
an onion

Katie
    $800 9
(Daniel: What is de Gaulle?)

the Pompidou Centre

DanielVeronica
    $4,000 25
(Alex: [Prior to the wager] Less than a minute to go now, Veronica.)

smallpox

Veronica
    $800 12
a night owl

Katie
    $800 17
Toni Morrison

Veronica
    $800 6
Adele

Daniel
    $800 2
American Sign Language

Veronica
    $1200 10
Fallingwater

Veronica
    $1200 26
the Applachian Mountains

Veronica
    $1200 13
(Alex: Yes. Joe Friday.)

Dragnet

Veronica
    $4,000 18
(Veronica: Who is Michener?)
...
(Alex: Who is the author of Jaws? [*].)

Peter Benchley

Veronica
    $1200 7
DNCE

Daniel
    $1200 4
(Daniel: What is bronze?)
(Alex: Two.)
(Daniel: Oh. What is bronze and I don't know.)

bronze & brass

DanielVeronica
    $1600 14
the International Style

Triple Stumper
    $1600 27
Franklin

Daniel
    $1600 21
an orbit

Triple Stumper
    $1600 19
(Michael) Crichton

Veronica
    $1600 8
Simon and Garfunkel

Veronica
    $1600 23
Minecraft

Veronica
    $2000 15
Crystal Palace

Triple Stumper
    $2000 28
[The end-of-round signal sounds.]

John Rolfe

Katie
    $2000 20
Dreiser

Veronica
    $2000 22
[NOTE: The song is "Born On The [*].]

a Bayou

Katie

Scores at the end of the Double Jeopardy! Round:

Katie Daniel Veronica
$10,000 $4,400 $21,000
(lock game)

[wagering suggestions for these scores]

Final Jeopardy! Round responses

THE BIBLE
DanielWhat is James?
$0
KatieWhat is Exodus?
$0
VeronicaWhat is Exodus?
$999
Exodus

Final scores:

Katie Daniel Veronica
$10,000 $4,400 $21,999
2nd place: $2,000 3rd place: $1,000 New champion: $21,999

Game dynamics:

Coryat scores:

Katie Daniel Veronica
$12,000 $4,400 $21,800
17 R,
2 W
(including 1 DD)
10 R,
3 W
25 R
(including 1 DD),
1 W
(including 1 DD)

Combined Coryat: $38,200

The J! Archive is created by fans, for fans. The Jeopardy! game show and all elements thereof, including but not limited to copyright and trademark thereto, are the property of Jeopardy Productions, Inc. and are protected under law. This website is not affiliated with, sponsored by, or operated by Jeopardy Productions, Inc. Join the discussion at JBoard.tv.